000 01255cam a22003854a 4500
001 muse84074
003 MdBmJHUP
005 20210127151710.0
006 m o d
007 cr||||||||nn|n
008 191025s2020 cau o 00 0 eng d
010 _z 2019953516
020 _a9781951498092
020 _z9781946527752
020 _z9781951498108
035 _a(OCoLC)1154053715
040 _aMdBmJHUP
_cMdBmJHUP
100 1 _aChiat, Marilyn Joyce Segal,
_eauthor.
245 1 0 _aHandbook of Synagogue Architecture
_cMarilyn Joyce Segal Chiat.
250 _aSecond edition.
264 1 _bScholars Press,
264 3 _bProject MUSE,
300 _a1 online resource (pages cm)
490 0 _aBrown Judaic series;
_v29
506 0 _aOpen Access
_fUnrestricted online access
_2star
588 _aDescription based on print version record.
655 7 _aElectronic books.
_2local
710 2 _aProject Muse.
_edistributor
830 0 _aBook collections on Project MUSE.
856 4 0 _zFull text available:
_uhttps://muse.jhu.edu/book/75391/
999 _c26686
_d26686